[Event "II C.to Italiano Serie Nazionali a squadre"]
[Site "Arvier ITA"]
[Date "2008.05.04"]
[Round "5"]
[White "Zanin, Dario"]
[Black "Pepino, Enrico"]
[Result "0-1"]
[WhiteElo "2026"]
[BlackElo "2138"]
[PlyCount "106"]
[EventDate "2008.05.02"]

1. e4 c5 2. Nf3 d6 3. d4 cxd4 4. Nxd4 Nf6 5. Nc3 g6 6. Be3 Bg7 7. f3 O-O 8. Qd2
Nc6 9. Bc4 Bd7 10. O-O-O b5 11. Ndxb5 Ne5 12. Bb3 Qb8 13. Nd4 Rc8 14. g4 Nc4
15. Bxc4 Rxc4 16. h4 Qb7 17. h5 Rb8 18. Nb3 a5 19. e5 Nxg4 20. fxg4 Bxg4 21.
Qd5 Qxd5 22. Rxd5 Bf3 23. Rf1 Bg2 24. Rfd1 a4 25. R5d4 Rxc3 26. bxc3 axb3 27.
cxb3 Bxe5 28. hxg6 hxg6 29. R4d2 Be4 30. c4 f5 31. Rf1 Kf7 32. Bg5 Rc8 33. Kd1
Rh8 34. b4 Rc8 35. c5 dxc5 36. bxc5 Rxc5 37. Rd7 Rc7 38. Rxc7 Bxc7 39. Kd2 e5
40. Rc1 Ba5+ 41. Ke2 Ke6 42. Rc5 Bb6 43. Rb5 Bd4 44. Be3 Bc6 45. Rb4 Bxe3 46.
Kxe3 f4+ 47. Kf2 g5 48. a4 g4 49. a5 g3+ 50. Kg1 e4 51. a6 e3 52. Rb6 Kd7 53.
a7 e2 0-1

[Event "I Festival A"]
[Site "Turbigo ITA"]
[Date "2008.05.08"]
[Round "1"]
[White "Azzolin, Lorenzo"]
[Black "Colombo, Sandro"]
[Result "0-1"]
[WhiteElo "1638"]
[BlackElo "1853"]
[PlyCount "56"]
[EventDate "2008.05.08"]

1. e4 c5 2. c3 d5 3. exd5 Qxd5 4. d4 e6 5. Nf3 Nf6 6. Be3 cxd4 7. Qxd4 Qxd4 8.
Bxd4 Nc6 9. Bb5 Bd7 10. O-O a6 11. Bxc6 Bxc6 12. Ne5 Rc8 13. Nd2 Be7 14. Rfd1
O-O 15. Ndc4 Nd5 16. Na5 Rfd8 17. Naxc6 bxc6 18. c4 Nb4 19. Nf3 c5 20. Be3 Nxa2
21. h3 Nb4 22. Bd2 Bf6 23. Rdb1 Rc6 24. Ra4 Nd3 25. Bg5 Bxg5 26. Nxg5 Nb4 27.
f3 f5 28. Re1 h6 0-1

[Event "I Festival A"]
[Site "Turbigo ITA"]
[Date "2008.05.08"]
[Round "1"]
[White "Barrera, Pietro"]
[Black "Testa, Loris"]
[Result "1-0"]
[WhiteElo "1875"]
[BlackElo "1656"]
[PlyCount "48"]
[EventDate "2008.05.08"]

1. d4 d5 2. Nf3 Nf6 3. Bg5 Nbd7 4. e3 g6 5. Bd3 Bg7 6. Nbd2 O-O 7. O-O c5 8. c3
cxd4 9. exd4 a6 10. Re1 e6 11. Nf1 Qb6 12. Qd2 Ng4 13. h3 Ngf6 14. Re2 Qc7 15.
Ng3 Nb6 16. Rae1 Nc4 17. Qc1 Qa5 18. b3 Nd6 19. c4 Bd7 20. Ne5 dxc4 21. bxc4
Rfd8 22. Qf4 Nf5 23. Nxf5 exf5 24. Qh4 Qb6 1-0

[Event "I Festival A"]
[Site "Turbigo ITA"]
[Date "2008.05.08"]
[Round "1"]
[White "Cervini, Gian Piero"]
[Black "Messina, Gianmaria"]
[Result "0-1"]
[WhiteElo "1771"]
[BlackElo "1585"]
[PlyCount "68"]
[EventDate "2008.05.08"]

1. e4 d5 2. exd5 Qxd5 3. Nc3 Qd6 4. d4 Nf6 5. g3 c6 6. Bf4 Qb4 7. Qd2 Bf5 8.
O-O-O e6 9. Nf3 Nbd7 10. Ne5 Be7 11. h4 Rd8 12. Nd3 Qxd4 13. Bh3 Ne4 14. Nxe4
Bxe4 15. Rhf1 Bf6 16. Be3 Qa4 17. Kb1 Qb5 18. Qb4 Bxd3 19. Qxb5 Bxb5 20. Rfe1
O-O 21. h5 h6 22. f4 Nb6 23. Rc1 Nc4 24. c3 Nxe3 25. Rxe3 Rd2 26. f5 Rh2 27.
fxe6 Rxh3 28. c4 Rh2 29. Rce1 Rxb2+ 30. Kc1 Bxc4 31. e7 Re8 32. Rd1 Bd5 33. Ra3
a6 34. Re1 Rg2 0-1

[Event "I Festival A"]
[Site "Turbigo ITA"]
[Date "2008.05.08"]
[Round "1"]
[White "Fizzotti, Mario"]
[Black "Madaschi, Sergio"]
[Result "1-0"]
[WhiteElo "1833"]
[BlackElo "1609"]
[PlyCount "71"]
[EventDate "2008.05.08"]

1. d4 Nf6 2. Nf3 g6 3. c4 Bg7 4. Nc3 O-O 5. e4 d6 6. Be2 e5 7. d5 Nbd7 8. Bg5
h6 9. Bd2 Nc5 10. Qc2 Ne8 11. b4 Na6 12. Rb1 c5 13. b5 Nac7 14. O-O b6 15. a4
f5 16. Ne1 f4 17. a5 Nf6 18. Na4 Nce8 19. axb6 axb6 20. f3 g5 21. Nd3 h5 22.
Nf2 g4 23. g3 gxf3 24. Bxf3 Ng4 25. gxf4 exf4 26. Kh1 Be5 27. Rg1 Bd4 28. Nxg4
Bxg1 29. Nh6+ Kh7 30. e5+ Kxh6 31. Rxg1 Bf5 32. Bxf4+ Kh7 33. Be4 Ng7 34. Bg5
Qc7 35. Bf6 Rxf6 36. exf6 1-0

[Event "I Festival A"]
[Site "Turbigo ITA"]
[Date "2008.05.08"]
[Round "1"]
[White "Novi', Giuseppe"]
[Black "Clerici, Samuele"]
[Result "1-0"]
[WhiteElo "1757"]
[BlackElo "1527"]
[PlyCount "41"]
[EventDate "2008.05.08"]

1. e4 e5 2. Nf3 Nc6 3. Bb5 a6 4. Ba4 Nf6 5. O-O d6 6. d3 Bg4 7. c3 Be7 8. Be3
O-O 9. Nbd2 b5 10. Bc2 h6 11. Qe1 d5 12. d4 dxe4 13. Nxe5 Nxe5 14. dxe5 Nd5 15.
Nxe4 Nxe3 16. Qxe3 g5 17. Ng3 f5 18. exf6 Rxf6 19. Qe4 Be6 20. Qh7+ Kf8 21. Nh5
1-0

[Event "I Festival A"]
[Site "Turbigo ITA"]
[Date "2008.05.08"]
[Round "1"]
[White "Santarelli, Sabatino"]
[Black "Monticone, Sonia"]
[Result "1-0"]
[WhiteElo "1575"]
[BlackElo "1757"]
[PlyCount "67"]
[EventDate "2008.05.08"]

1. d4 Nf6 2. c4 g6 3. Nc3 Bg7 4. e4 d6 5. f4 O-O 6. Nf3 c5 7. d5 a6 8. Be2 Nbd7
9. O-O Qc7 10. Ng5 h6 11. Nf3 Nb6 12. h3 e6 13. Bd3 Bd7 14. Rb1 Rad8 15. b3
Rfe8 16. Qc2 exd5 17. exd5 Nh5 18. Kh2 Qc8 19. Ne4 Bf5 20. Nh4 Bxe4 21. Bxe4 g5
22. Nf5 f6 23. Nxg7 Nxg7 24. Bg6 Re7 25. Bb2 Rf8 26. Bc3 g4 27. f5 gxh3 28.
gxh3 Nd7 29. Qd2 Ne8 30. Qxh6 Ne5 31. Bxe5 dxe5 32. Rg1 Ref7 33. Bh7+ Kh8 34.
Bg8+ 1-0

[Event "I Festival A"]
[Site "Turbigo ITA"]
[Date "2008.05.08"]
[Round "1"]
[White "Turini, Gianluca"]
[Black "Schingaro, Angelo"]
[Result "1-0"]
[WhiteElo "1500"]
[BlackElo "1698"]
[PlyCount "49"]
[EventDate "2008.05.08"]

1. e4 c5 2. Nf3 e6 3. d4 cxd4 4. Nxd4 a6 5. Nc3 Qc7 6. a3 Nf6 7. f3 Nc6 8. Nb3
Be7 9. Be3 b5 10. Be2 Bb7 11. Nc5 O-O 12. Nxb7 Qxb7 13. O-O Rfd8 14. Bd3 d5 15.
exd5 Nxd5 16. Nxd5 Rxd5 17. Qe1 Qc7 18. f4 Rc8 19. b4 Nd4 20. Bxd4 Rxd4 21. Qe3
Bf6 22. Rad1 Rcd8 23. Rf3 Rxb4 24. axb4 Bd4 25. Bxh7+ 1-0

[Event "I Festival A"]
[Site "Turbigo ITA"]
[Date "2008.05.08"]
[Round "1"]
[White "Vigliaroli, Matteo Luigi"]
[Black "Melino, Gianluca"]
[Result "0-1"]
[WhiteElo "1604"]
[BlackElo "1794"]
[PlyCount "54"]
[EventDate "2008.05.08"]

1. e4 c5 2. Nf3 Nc6 3. d4 cxd4 4. Nxd4 Nf6 5. Nc3 e5 6. Ndb5 d6 7. Bg5 a6 8.
Bxf6 gxf6 9. Na3 b5 10. Nd5 f5 11. f3 fxe4 12. fxe4 Qh4+ 13. g3 Qxe4+ 14. Kf2
Qxh1 15. Nc7+ Kd8 16. Nxa8 Qxh2+ 17. Bg2 Rg8 18. Qf3 Nd4 19. Qc3 Bh3 20. Rg1
Ke7 21. Qc7+ Kf6 22. Qd8+ Kg7 23. Nc7 Kh8 24. Qf6+ Rg7 25. Ne8 Qxg3+ 26. Kf1
Bxg2+ 27. Rxg2 Qxg2+ 0-1

[Event "I Festival A"]
[Site "Turbigo ITA"]
[Date "2008.05.09"]
[Round "2"]
[White "Clerici, Samuele"]
[Black "Cervini, Gian Piero"]
[Result "1-0"]
[WhiteElo "1527"]
[BlackElo "1771"]
[PlyCount "69"]
[EventDate "2008.05.08"]

1. e4 d6 2. d4 Nf6 3. Nc3 g6 4. f4 Bg7 5. Nf3 O-O 6. Be2 c5 7. d5 a6 8. a4 Qa5
9. Bd2 Qb4 10. Bd3 Bg4 11. Nb5 Qxb2 12. Bc3 Qxa1 13. Bxa1 axb5 14. axb5 c4 15.
Bxc4 Rxa1 16. Qxa1 Nxe4 17. Qa7 Bc3+ 18. Ke2 Rc8 19. Bd3 Nc5 20. h3 Bd7 21. Rb1
e5 22. dxe6 Bxe6 23. Kf1 Nbd7 24. Rd1 Nf6 25. Nd2 Nd5 26. Nc4 Rd8 27. f5 Bd7
28. fxg6 hxg6 29. Be2 Be6 30. Bf3 Nc7 31. Nxd6 Nxb5 32. Qxc5 Bd4 33. Rxd4 Nxd6
34. Rxd6 Rc8 35. Qxc8+ 1-0

[Event "I Festival A"]
[Site "Turbigo ITA"]
[Date "2008.05.09"]
[Round "2"]
[White "Colombo, Sandro"]
[Black "Novi', Giuseppe"]
[Result "1-0"]
[WhiteElo "1853"]
[BlackElo "1757"]
[PlyCount "85"]
[EventDate "2008.05.08"]

1. c4 Nf6 2. Nc3 e5 3. Nf3 Nc6 4. e3 Bb4 5. Qc2 O-O 6. Nd5 Be7 7. a3 d6 8. Ng5
g6 9. h4 Nxd5 10. cxd5 Nb8 11. b4 Bxg5 12. hxg5 Qxg5 13. Qxc7 Qd8 14. Qxd8 Rxd8
15. Bb2 Bf5 16. d3 a5 17. b5 g5 18. f3 Nd7 19. e4 Bg6 20. d4 f6 21. Rc1 Rdc8
22. Rxc8+ Rxc8 23. Kd2 Nb6 24. Be2 Nc4+ 25. Bxc4 Rxc4 26. Rc1 Rxc1 27. Bxc1 b6
28. dxe5 dxe5 29. Kd3 Kf8 30. Be3 Be8 31. a4 Ke7 32. Bxb6 Kd6 33. Kc4 h5 34.
Bxa5 Bd7 35. Bb4+ Kc7 36. d6+ Kb7 37. a5 h4 38. a6+ Ka8 39. b6 f5 40. exf5 Bxf5
41. d7 Bxd7 42. Bd6 g4 43. b7+ 1-0

[Event "I Festival A"]
[Site "Turbigo ITA"]
[Date "2008.05.09"]
[Round "2"]
[White "Madaschi, Sergio"]
[Black "Schingaro, Angelo"]
[Result "0-1"]
[WhiteElo "1609"]
[BlackElo "1698"]
[PlyCount "88"]
[EventDate "2008.05.08"]

1. e4 c5 2. Nc3 e6 3. g3 Nc6 4. Bg2 Nf6 5. d3 a6 6. Nf3 d6 7. O-O g6 8. Bd2 Bg7
9. Rb1 O-O 10. Ne1 Rb8 11. f4 Qc7 12. Nf3 b5 13. a3 Bd7 14. Qe2 Nd4 15. Qd1
Rfc8 16. Ne2 Ng4 17. c3 Nxf3+ 18. Bxf3 f5 19. Bxg4 fxg4 20. Be3 Rf8 21. Qd2
Rbd8 22. Rbe1 Bc6 23. Qc2 Qe7 24. Bd2 Qb7 25. Nc1 d5 26. Qd1 dxe4 27. Qxg4 exd3
28. Qxe6+ Kh8 29. Qe3 c4 30. Qf2 Qd7 31. Re3 Qd5 32. Rf3 Qxf3 33. Qxf3 Bxf3 34.
Rxf3 Rde8 35. Kf2 Re4 36. Re3 Rfe8 37. Rxe4 Rxe4 38. Kf3 Re6 39. h3 Kg8 40. g4
Kf7 41. b3 h6 42. bxc4 bxc4 43. Na2 Re2 44. Nb4 Rxd2 0-1

[Event "I Festival A"]
[Site "Turbigo ITA"]
[Date "2008.05.09"]
[Round "2"]
[White "Melino, Gianluca"]
[Black "Fizzotti, Mario"]
[Result "1/2-1/2"]
[WhiteElo "1794"]
[BlackElo "1833"]
[PlyCount "39"]
[EventDate "2008.05.08"]

1. d4 Nf6 2. Bg5 e6 3. e4 h6 4. Bxf6 Qxf6 5. e5 Qd8 6. Nf3 d6 7. c3 dxe5 8.
Nxe5 Bd6 9. Na3 Bxa3 10. Qa4+ Nd7 11. Nxd7 Bxd7 12. Qxa3 Qe7 13. Qxe7+ Kxe7 14.
O-O-O Rhd8 15. Bc4 Bc6 16. f3 Rd6 17. Rhe1 Kf8 18. Re3 Rad8 19. Rde1 a6 20. Bb3
1/2-1/2

[Event "I Festival A"]
[Site "Turbigo ITA"]
[Date "2008.05.09"]
[Round "2"]
[White "Messina, Gianmaria"]
[Black "Barrera, Pietro"]
[Result "1-0"]
[WhiteElo "1585"]
[BlackElo "1875"]
[PlyCount "99"]
[EventDate "2008.05.08"]

1. e4 c5 2. Nc3 Nc6 3. g3 g6 4. Bg2 Bg7 5. Nge2 d6 6. O-O Nf6 7. d3 O-O 8. h3
Rb8 9. a4 b6 10. Be3 e5 11. f4 Nd4 12. g4 Bd7 13. Ng3 Bc6 14. f5 gxf5 15. exf5
Bxg2 16. Kxg2 h6 17. Qd2 Kh7 18. g5 hxg5 19. Bxg5 Qd7 20. Nce4 Nxe4 21. dxe4 f6
22. Be3 Rg8 23. Qd1 Qf7 24. Qg4 Bh6 25. Qh4 Qg7 26. Bxd4 cxd4 27. Kf3 Qg5 28.
Qxg5 Bxg5 29. Rh1 Rbc8 30. h4 Be3 31. Nh5 Rcf8 32. Rh3 Kh6 33. Ng3 Rc8 34. c3
Rc4 35. Ne2 Bd2 36. Rd1 dxc3 37. bxc3 Bxc3 38. Rxd6 Rf8 39. Rg3 Be1 40. Rg6+
Kh7 41. Rd7+ Kh8 42. Rh6+ Kg8 43. Rhh7 Rfc8 44. Rdg7+ Kf8 45. Rxa7 Kg8 46. h5
Bb4 47. Rag7+ Kf8 48. h6 Ke8 49. Rh8+ Bf8 50. h7 1-0

[Event "I Festival A"]
[Site "Turbigo ITA"]
[Date "2008.05.09"]
[Round "2"]
[White "Monticone, Sonia"]
[Black "Turini, Gianluca"]
[Result "1/2-1/2"]
[WhiteElo "1757"]
[BlackElo "1500"]
[PlyCount "122"]
[EventDate "2008.05.08"]

1. c4 Nf6 2. Nc3 d6 3. g3 g6 4. Bg2 Bg7 5. e3 O-O 6. Nge2 c6 7. d4 Nbd7 8. b3
c5 9. Bb2 Rb8 10. Rb1 a6 11. Qd3 e6 12. O-O Qe7 13. Rfd1 Ne8 14. Nf4 b6 15. Ne4
cxd4 16. Bxd4 Ne5 17. Qe2 Bd7 18. Bb2 f5 19. Nd2 Nf7 20. Ba3 b5 21. Nf3 b4 22.
Bb2 Bxb2 23. Qxb2 Bc6 24. h4 Nf6 25. Nd2 Bxg2 26. Nxg2 e5 27. Qc2 e4 28. Nf4
Ne5 29. Kg2 Kg7 30. Nf1 h6 31. Qd2 Rfd8 32. Qd4 h5 33. Qb2 Kf7 34. a3 a5 35.
axb4 axb4 36. Ra1 Ra8 37. Qd4 Rxa1 38. Rxa1 Rd7 39. Ra6 Nf3 40. Qd1 Qe5 41. Nd2
Nxd2 42. Qxd2 Qc5 43. Nd5 Nxd5 44. Qxd5+ Qxd5 45. cxd5 Kf6 46. Rb6 Ke5 47. Rxb4
Kxd5 48. Rb8 Re7 49. Rb5+ Kc6 50. Rb8 Kc5 51. b4+ Kc6 52. b5+ Kc7 53. Ra8 Kb7
54. Ra6 Rd7 55. Rc6 Rd8 56. Kf1 Rd7 57. Ke2 Kb8 58. Rb6+ Kc7 59. Rc6+ Kb7 60.
f3 Kb8 61. Rb6+ Kc7 1/2-1/2

[Event "I Festival A"]
[Site "Turbigo ITA"]
[Date "2008.05.09"]
[Round "2"]
[White "Santarelli, Sabatino"]
[Black "Marchesotti, Giovanni"]
[Result "1-0"]
[WhiteElo "1575"]
[BlackElo "1664"]
[PlyCount "115"]
[EventDate "2008.05.08"]

1. d4 Nf6 2. c4 e6 3. Nc3 Bb4 4. Bg5 h6 5. Bh4 g5 6. Bg3 Ne4 7. Qc2 Nxg3 8.
hxg3 Nc6 9. e3 Qe7 10. a3 Bxc3+ 11. Qxc3 d5 12. Nf3 f6 13. O-O-O Bd7 14. Nd2
O-O-O 15. Nb3 b6 16. c5 Kb7 17. Kb1 Ra8 18. Bb5 a6 19. Bxc6+ Bxc6 20. Rc1 Rac8
21. Qb4 Ka7 22. Qd2 Bb5 23. cxb6+ cxb6 24. Rxc8 Rxc8 25. Rxh6 Qg7 26. Rh1 Qg6+
27. Ka1 Rc2 28. Qb4 Qf7 29. Rh8 Qg7 30. Rd8 Qc7 31. Rf8 Rxf2 32. a4 Rf1+ 33.
Ka2 Bc4 34. Re8 Bxb3+ 35. Kxb3 a5 36. Re7 axb4 37. Rxc7+ Ka6 38. Kxb4 Rf2 39.
b3 Rxg2 40. Rc6 Rxg3 41. Rxe6 f5 42. a5 f4 43. exf4 gxf4 44. Rxb6+ Ka7 45. Rf6
Rf3 46. Rf5 Ka6 47. Rxd5 Re3 48. Rd6+ Ka7 49. Rf6 f3 50. Kc4 Kb7 51. b4 Ra3 52.
d5 Kc7 53. a6 Kb8 54. b5 Ka7 55. d6 Kb6 56. Rf7 Re3 57. d7 Re4+ 58. Kd3 1-0

[Event "I Festival A"]
[Site "Turbigo ITA"]
[Date "2008.05.09"]
[Round "2"]
[White "Testa, Loris"]
[Black "Vigliaroli, Matteo Luigi"]
[Result "1-0"]
[WhiteElo "1656"]
[BlackElo "1604"]
[PlyCount "63"]
[EventDate "2008.05.08"]

1. e4 e6 2. d4 d5 3. exd5 exd5 4. Nf3 Nf6 5. Be2 Bd6 6. Nc3 c6 7. h3 Be6 8. O-O
O-O 9. Qd3 Qc7 10. Nh4 Nbd7 11. Nf5 Bxf5 12. Qxf5 Rfe8 13. Bd3 Qb6 14. Ne2 g6
15. Qg5 Ne4 16. Qg4 f5 17. Qh4 Ndf6 18. f3 Nh5 19. g4 Neg3 20. c3 Nxe2+ 21.
Bxe2 Ng3 22. Bd3 Nxf1 23. gxf5 Qc7 24. fxg6 hxg6 25. Kxf1 Bg3 26. Qg4 Re1+ 27.
Kg2 Bd6 28. Bh6 Rxa1 29. Qxg6+ Kh8 30. Qf6+ Kg8 31. Qg6+ Kh8 32. Bg5 1-0

[Event "I Festival A"]
[Site "Turbigo ITA"]
[Date "2008.05.10"]
[Round "3"]
[White "Azzolin, Lorenzo"]
[Black "Cervini, Gian Piero"]
[Result "1-0"]
[WhiteElo "1638"]
[BlackElo "1771"]
[PlyCount "67"]
[EventDate "2008.05.08"]

1. e4 d6 2. d4 Nf6 3. Nc3 g6 4. f4 Bg7 5. Nf3 O-O 6. Be3 c6 7. Qd2 Ng4 8. Bg1
f5 9. O-O-O Qa5 10. Bc4+ Kh8 11. Ng5 Nh6 12. e5 d5 13. Be2 b5 14. a3 Na6 15. h4
Rb8 16. Na2 b4 17. Bxa6 Bxa6 18. Nxb4 Bb5 19. h5 Rb6 20. hxg6 hxg6 21. Ne6 Rfb8
22. Nc5 Bc4 23. Nd7 Rxb4 24. Nxb8 Be2 25. Nxc6 Qb5 26. Nxb4 Bxd1 27. Qxd1 Kg8
28. Qd3 Qd7 29. Qa6 Kf7 30. Bh2 e6 31. Nc6 Ke8 32. Qxa7 Qxc6 33. Qxg7 Ng4 34.
Bg3 1-0

[Event "I Festival A"]
[Site "Turbigo ITA"]
[Date "2008.05.10"]
[Round "3"]
[White "Barrera, Pietro"]
[Black "Clerici, Samuele"]
[Result "1-0"]
[WhiteElo "1875"]
[BlackElo "1527"]
[PlyCount "45"]
[EventDate "2008.05.08"]

1. d4 d5 2. Nf3 Nf6 3. Bg5 e6 4. e3 c5 5. c3 Nc6 6. Nbd2 cxd4 7. exd4 Be7 8.
Bd3 O-O 9. Qc2 h6 10. Bf4 Bd6 11. Bg3 Rb8 12. Ne5 Qc7 13. Ndf3 Nd7 14. Qe2 Re8
15. O-O f6 16. Ng6 Nf8 17. Nfh4 Ne7 18. Qh5 Nexg6 19. Nxg6 Nxg6 20. Qxg6 Rf8
21. Qh7+ Kf7 22. Bg6+ Ke7 23. Qxg7+ 1-0

[Event "I Festival A"]
[Site "Turbigo ITA"]
[Date "2008.05.10"]
[Round "3"]
[White "Fizzotti, Mario"]
[Black "Santarelli, Sabatino"]
[Result "0-1"]
[WhiteElo "1833"]
[BlackElo "1575"]
[PlyCount "46"]
[EventDate "2008.05.08"]

1. d4 Nf6 2. Nf3 g6 3. c4 Bg7 4. Nc3 O-O 5. e4 d6 6. Be2 c5 7. d5 a6 8. O-O e5
9. h3 Nbd7 10. Be3 Nh5 11. Qd2 f5 12. exf5 gxf5 13. Bg5 Nhf6 14. Nh4 Nb6 15. a4
Bd7 16. a5 Nc8 17. Ra3 Qe8 18. Rb3 Rb8 19. Bh6 Qf7 20. Qg5 Ne8 21. Nd1 Qf6 22.
Qxf6 Rxf6 23. Rg3 Rxh6 0-1

[Event "I Festival A"]
[Site "Turbigo ITA"]
[Date "2008.05.10"]
[Round "3"]
[White "Messina, Gianmaria"]
[Black "Colombo, Sandro"]
[Result "1/2-1/2"]
[WhiteElo "1585"]
[BlackElo "1853"]
[PlyCount "61"]
[EventDate "2008.05.08"]

1. e4 c5 2. Nc3 Nc6 3. Nge2 Nf6 4. g3 d5 5. exd5 Nxd5 6. Bg2 e6 7. O-O Be7 8.
Re1 O-O 9. Nxd5 exd5 10. d4 Be6 11. dxc5 Bxc5 12. Nf4 Qb6 13. Nd3 Bd6 14. Rb1
Rac8 15. Bf4 Nb4 16. Bxd6 Qxd6 17. c3 Nc6 18. Nf4 Rfd8 19. Qe2 d4 20. Nxe6 Re8
21. Qg4 Rxe6 22. Bxc6 Rxc6 23. cxd4 Rc2 24. Rbc1 Qc6 25. Qf4 h6 26. Red1 g5 27.
Rxc2 Qxc2 28. Qd2 Re2 29. Qxc2 Rxc2 30. Rb1 Rd2 31. Kf1 1/2-1/2

[Event "I Festival A"]
[Site "Turbigo ITA"]
[Date "2008.05.10"]
[Round "3"]
[White "Novi', Giuseppe"]
[Black "Testa, Loris"]
[Result "1-0"]
[WhiteElo "1757"]
[BlackElo "1656"]
[PlyCount "23"]
[EventDate "2008.05.08"]

1. e4 c5 2. Nf3 e6 3. d4 cxd4 4. Nxd4 Nf6 5. Bd3 Qb6 6. Nf3 d5 7. exd5 Nxd5 8.
O-O Bd6 9. Nbd2 O-O 10. Nc4 Qc7 11. Nxd6 Qxd6 12. c4 1-0

[Event "I Festival A"]
[Site "Turbigo ITA"]
[Date "2008.05.10"]
[Round "3"]
[White "Turini, Gianluca"]
[Black "Melino, Gianluca"]
[Result "1/2-1/2"]
[WhiteElo "1500"]
[BlackElo "1794"]
[PlyCount "63"]
[EventDate "2008.05.08"]

1. e4 c5 2. Nf3 Nc6 3. d4 cxd4 4. Nxd4 Nf6 5. Nc3 e5 6. Ndb5 d6 7. Be2 a6 8.
Na3 b5 9. Nab1 Bb7 10. a3 Nd4 11. Bd3 Be7 12. Be3 Ne6 13. f3 d5 14. exd5 Nxd5
15. Nxd5 Bxd5 16. Nc3 Bb7 17. Be4 Bxe4 18. Nxe4 Qc7 19. c3 O-O 20. Qe2 f5 21.
Nd2 Bc5 22. g3 Rfe8 23. O-O Nf4 24. Qe1 Nd3 25. Qe2 Nf4 26. Qe1 Nd3 27. Qe2
Rad8 28. Rab1 Nf4 29. Qe1 Nd3 30. Qe2 Nf4 31. Qe1 Nd3 32. Qe2 1/2-1/2

[Event "I Festival A"]
[Site "Turbigo ITA"]
[Date "2008.05.10"]
[Round "3"]
[White "Vigliaroli, Matteo Luigi"]
[Black "Madaschi, Sergio"]
[Result "1-0"]
[WhiteElo "1604"]
[BlackElo "1609"]
[PlyCount "75"]
[EventDate "2008.05.08"]

1. e4 d6 2. d4 g6 3. f4 Bg7 4. Nf3 Bg4 5. Be2 Nf6 6. e5 dxe5 7. fxe5 Nd5 8. O-O
O-O 9. c3 c6 10. Na3 b5 11. Nc2 Qb6 12. Ne3 Nxe3 13. Bxe3 Bxf3 14. Bxf3 Bxe5
15. Qd2 Bg7 16. Rae1 e6 17. d5 Qc7 18. dxe6 fxe6 19. Bd4 e5 20. Be3 Nd7 21. Bg5
Nf6 22. Qe2 Rfe8 23. Qc2 Rad8 24. a4 a6 25. Kh1 Rd7 26. Qb3+ Kh8 27. Bxf6 Bxf6
28. Bg4 Rd6 29. axb5 cxb5 30. Re2 Kg7 31. Ref2 Qd8 32. c4 bxc4 33. Qxc4 Rd4 34.
Qe2 Rd6 35. Qc2 Re7 36. Qa4 Qb6 37. Qa3 a5 38. Rxf6 1-0

[Event "I Festival A"]
[Site "Turbigo ITA"]
[Date "2008.05.10"]
[Round "4"]
[White "Clerici, Samuele"]
[Black "Vigliaroli, Matteo Luigi"]
[Result "0-1"]
[WhiteElo "1527"]
[BlackElo "1604"]
[PlyCount "110"]
[EventDate "2008.05.08"]

1. e4 e6 2. d4 d5 3. Nc3 Bb4 4. e5 c5 5. a3 Bxc3+ 6. bxc3 Ne7 7. Bg5 Qc7 8. Nf3
Nbc6 9. Be2 cxd4 10. cxd4 Bd7 11. O-O Rc8 12. Bd3 Nf5 13. Bxf5 exf5 14. Qd2 O-O
15. Bh6 f6 16. exf6 Rxf6 17. Bf4 Qa5 18. Rfe1 Qxd2 19. Bxd2 h6 20. h4 f4 21. c3
g5 22. hxg5 hxg5 23. Nxg5 Kg7 24. Nf3 Rh8 25. Kf1 Na5 26. Re7+ Rf7 27. Rxf7+
Kxf7 28. Kg1 Rc8 29. Ne5+ Ke6 30. Re1 Nb3 31. Bxf4 Rxc3 32. Nxd7+ Kxd7 33. Rb1
Rd3 34. Be5 b6 35. Bb8 a6 36. Rb2 b5 37. Be5 Nxd4 38. Bxd4 Rxd4 39. Rb3 Rc4 40.
f3 Ke6 41. g4 Rc6 42. Kf2 Rd6 43. f4 Kf6 44. Rd3 Rd8 45. Ke3 Ke6 46. Kf3 Rh8
47. Re3+ Kd6 48. g5 Rh3+ 49. Ke2 Rxe3+ 50. Kxe3 Ke6 51. Kd4 a5 52. Kc5 b4 53.
axb4 a4 54. Kd4 a3 55. Kc3 d4+ 0-1

[Event "I Festival A"]
[Site "Turbigo ITA"]
[Date "2008.05.10"]
[Round "4"]
[White "Colombo, Sandro"]
[Black "Santarelli, Sabatino"]
[Result "1-0"]
[WhiteElo "1853"]
[BlackElo "1575"]
[PlyCount "51"]
[EventDate "2008.05.08"]

1. c4 c5 2. Nf3 Nf6 3. Nc3 Nc6 4. d4 cxd4 5. Nxd4 a6 6. e4 Qc7 7. Be2 e6 8. a3
Nxd4 9. Qxd4 Bc5 10. Qd3 O-O 11. b4 Be7 12. g4 d6 13. g5 Nd7 14. f4 b6 15. h4
Bb7 16. h5 f5 17. Bb2 e5 18. Nd5 Qd8 19. exf5 exf4 20. h6 Ne5 21. Bxe5 dxe5 22.
hxg7 Bxg5 23. f6 h6 24. Ne7+ Kf7 25. Qg6+ Ke6 26. Bg4+ 1-0

[Event "I Festival A"]
[Site "Turbigo ITA"]
[Date "2008.05.10"]
[Round "4"]
[White "Fizzotti, Mario"]
[Black "Turini, Gianluca"]
[Result "1/2-1/2"]
[WhiteElo "1833"]
[BlackElo "1500"]
[PlyCount "86"]
[EventDate "2008.05.08"]

1. d4 Nf6 2. Nf3 g6 3. c4 Bg7 4. Nc3 d5 5. Bg5 c6 6. e3 O-O 7. c5 Nbd7 8. Be2
Re8 9. O-O e5 10. dxe5 Nxe5 11. Nxe5 Rxe5 12. Bf4 Re8 13. Rb1 Nd7 14. Bd6 b6
15. Nxd5 Nxc5 16. Nc7 Bf5 17. Nxe8 Qxe8 18. Bxc5 Bxb1 19. Qxb1 bxc5 20. Qc2 Qe5
21. b3 Rd8 22. Rc1 Bf8 23. Bf3 Qc7 24. g3 Qa5 25. a4 Qb6 26. Rd1 Rxd1+ 27. Qxd1
Qc7 28. h4 h5 29. Qd3 Qd6 30. Qxd6 Bxd6 31. Bxc6 a5 32. e4 Be5 33. f4 Bd4+ 34.
Kg2 Kg7 35. Bd7 f6 36. g4 hxg4 37. Bxg4 Bc3 38. h5 gxh5 39. Bxh5 Kf8 40. Kf3
Ke7 41. Ke3 Kd6 42. Kd3 Be1 43. Bf7 Bb4 1/2-1/2

[Event "I Festival A"]
[Site "Turbigo ITA"]
[Date "2008.05.10"]
[Round "4"]
[White "Madaschi, Sergio"]
[Black "Azzolin, Lorenzo"]
[Result "0-1"]
[WhiteElo "1609"]
[BlackElo "1638"]
[PlyCount "102"]
[EventDate "2008.05.08"]

1. e4 c5 2. Nc3 d6 3. Nf3 Nf6 4. g3 Nc6 5. Bg2 e6 6. O-O Be7 7. Re1 O-O 8. d3
Rb8 9. h3 b5 10. a3 Bd7 11. Be3 Qc7 12. Qd2 Rfc8 13. Rec1 Rb7 14. d4 b4 15.
axb4 cxb4 16. Ne2 Nxe4 17. Qd3 d5 18. Nh2 Nf6 19. Nf3 Rcb8 20. Bg5 h6 21. Be3
a5 22. Qd2 Ne4 23. Qd3 b3 24. c4 Nb4 25. Qd1 Na2 26. cxd5 Nxc1 27. Rxc1 Qd8 28.
dxe6 Bxe6 29. Nf4 Rc7 30. Rxc7 Qxc7 31. Ne5 Nf6 32. Ned3 Qc2 33. Qxc2 bxc2 34.
Kf1 Bb3 35. d5 Rd8 36. Ke1 Bxd5 37. Kd2 c1=Q+ 38. Kxc1 Bxg2 39. Bb6 Rc8+ 40.
Kd2 Bb4+ 41. Nxb4 axb4 42. Nxg2 b3 43. Ne3 Ne4+ 44. Ke2 Nd6 45. Bd4 Nc4 46. Bc3
Nxe3 47. Kxe3 f6 48. Kd3 Kf7 49. Kd4 Ke6 50. Ke3 Rxc3+ 51. bxc3 b2 0-1

[Event "I Festival A"]
[Site "Turbigo ITA"]
[Date "2008.05.10"]
[Round "4"]
[White "Marchesotti, Giovanni"]
[Black "Barrera, Pietro"]
[Result "0-1"]
[WhiteElo "1664"]
[BlackElo "1875"]
[PlyCount "100"]
[EventDate "2008.05.08"]

1. b3 e6 2. Bb2 f5 3. c4 Nf6 4. Nf3 d6 5. d3 Be7 6. e3 O-O 7. Be2 Nc6 8. O-O e5
9. Nc3 b6 10. a3 Qd7 11. Qc2 Bb7 12. d4 e4 13. Nd2 Rae8 14. Rae1 Bd8 15. d5 Ne5
16. Nb5 a6 17. Nd4 Rf7 18. Ne6 c6 19. Bxe5 dxe5 20. Rd1 cxd5 21. cxd5 Nxd5 22.
Nxd8 Qxd8 23. Bc4 b5 24. Bxd5 Bxd5 25. Rc1 Rd7 26. b4 Qe7 27. Nb3 Red8 28. Nc5
Rc7 29. Rfd1 Rc6 30. Qb2 Rcd6 31. Rd2 Bc4 32. Rxd6 Rxd6 33. h3 Kf7 34. Qb1 Kf6
35. Rd1 g5 36. Rxd6+ Qxd6 37. Nxe4+ fxe4 38. Qxe4 Qd1+ 39. Kh2 Qd3 40. Qc6+ Be6
41. Qxa6 Qc4 42. Qb7 Kg6 43. Qb8 e4 44. Qe8+ Bf7 45. Qe5 Qd5 46. Qe7 Qf5 47.
Kg1 Qe6 48. Qc5 Qd5 49. Qc7 h5 50. g4 hxg4 0-1